Strategic management <an> integrated approach
Salvato in:
| Autore principale: | |
|---|---|
| Altri autori: | |
| Natura: | Libro |
| Lingua: | inglese |
| Pubblicazione: |
Boston
Houghton Mifflin Company
2007
|
| Edizione: | 7th ed. |
| Soggetti: | |
| Tags: |
Nessun Tag, puoi essere il primo ad aggiungerne!!
|
MARC
| LEADER | 00000nam$a2200000$$$4500 | ||
|---|---|---|---|
| 001 | 0064509 | ||
| 005 | 20240226124430.5 | ||
| 020 | |a 978-0-618-64162-8 | ||
| 020 | |a 0-618-64162-9 | ||
| 041 | 0 | |a eng | |
| 044 | |a US | ||
| 245 | 1 | 0 | |a Strategic management |b <an> integrated approach |c Charles W.L. Hill, Gareth R. Jones |
| 250 | |a 7th ed. | ||
| 264 | 1 | |a Boston |b Houghton Mifflin Company |c 2007 | |
| 300 | |a xxx, 511, 519 s. | ||
| 610 | 2 | 0 | |a manažment strategický |
| 610 | 2 | 0 | |a riadenie strategické |
| 610 | 2 | 0 | |a výhody konkurenčné |
| 610 | 2 | 0 | |a stratégia podnikateľská |
| 610 | 2 | 0 | |a rozhodovanie manažérske |
| 610 | 2 | 0 | |a rozhodovanie strategické |
| 100 | 1 | |a Hill, Charles W.L. | |
| 700 | 1 | |a Jones, Gareth R. | |